[Event "DOM-ch"]
[Site "Santo Domingo"]
[Date "2010.04.16"]
[Round "5"]
[White "Mazara Ruiz, Adan Manuel"]
[Black "Olivo, Lewis"]
[Result "1/2-1/2"]
[WhiteElo "2264"]
[BlackElo "2011"]
[PlyCount "66"]
[EventDate "2010.04.09"]
[EventType "swiss"]
[EventRounds "11"]
[EventCountry "DOM"]
[SourceTitle "EXT 2012"]
[Source "ChessBase"]
[SourceDate "2011.11.24"]
[SourceVersion "1"]
[SourceVersionDate "2011.11.24"]
[SourceQuality "1"]

1. c4 Nf6 2. g3 g6 3. Bg2 Bg7 4. Nc3 0-0 5. d4 d6 6. Nf3 Nc6 7. 0-0 a6 8. b3 Rb8 9. a4 Bg4 10. h3 Bxf3 11. Bxf3 Nd7 12. e3 e5 13. Ne2 Re8 14. Bb2 e4 15. Bg2 f5 16. Rb1 d5 17. Ba3 Nf6 18. Qc1 Ne7 19. Nf4 c6 20. Ne6 Qd7 21. Nc5 Qc8 22. a5 Qd8 23. Ne6 Qd7 24. Nxg7 Kxg7 25. Bc5 Qe6 26. Qa3 Rbd8 27. Rfe1 g5 28. Bxe7 Rxe7 29. Qc1 h5 30. Kf1 Rh8 31. Ke2 Qd6 32. Rg1 Qb4 33. Qd2 Qd6 1/2-1/2

[Event "DOM-ch"]
[Site "Santo Domingo"]
[Date "2010.04.10"]
[Round "3"]
[White "Guzman, Christopher"]
[Black "Olivo, Lewis"]
[Result "0-1"]
[WhiteElo "2109"]
[BlackElo "2011"]
[PlyCount "66"]
[EventDate "2010.04.09"]
[EventType "swiss"]
[EventRounds "11"]
[EventCountry "DOM"]
[SourceTitle "EXT 2012"]
[Source "ChessBase"]
[SourceDate "2011.11.24"]
[SourceVersion "1"]
[SourceVersionDate "2011.11.24"]
[SourceQuality "1"]

1. e4 c5 2. Nf3 d6 3. d4 cxd4 4. Nxd4 Nf6 5. Nc3 a6 6. Be2 e6 7. 0-0 Be7 8. a4 Nc6 9. Be3 Bd7 10. Nb3 b6 11. f4 0-0 12. Bf3 Qc7 13. Qe2 Bc8 14. Qf2 Nd7 15. Ne2 Bb7 16. Rfd1 Rfd8 17. Rd2 Nc5 18. Nxc5 dxc5 19. Rad1 Rxd2 20. Rxd2 Rd8 21. Nc3 Nd4 22. Bd1 g6 23. Bg4 f5 24. Bh3 Kf7 25. e5 h5 26. Ne2 Nxc2 27. Ng3 Nxe3 28. Qxe3 c4 29. Qc3 b5 30. Rxd8 Qxd8 31. Kf2 Qd1 32. Nf1 Bc5+ 33. Ne3 b4 0-1